Database management and design / (Record no. 14237)
[ view plain ]
| 000 -LEADER | |
|---|---|
| fixed length control field | 00919pam a2200289 a 4500 |
| 001 - CONTROL NUMBER | |
| control field | 14237 |
| 003 - CONTROL NUMBER IDENTIFIER | |
| rucl marc code | BD-RjUL |
| 005 - DATE AND TIME OF LATEST TRANSACTION | |
| control field | 20211208235608.0 |
| 008 - FIXED-LENGTH DATA ELEMENTS--GENERAL INFORMATION | |
| fixed length control field | 140205s1996 njua b 001 0 eng |
| 020 ## - INTERNATIONAL STANDARD BOOK NUMBER | |
| International Standard Book Number | 8120314654 |
| 035 ## - SYSTEM CONTROL NUMBER | |
| System control number | (BD-RjUL)14289 |
| 040 ## - CATALOGING SOURCE | |
| Original cataloging agency | DLC |
| Transcribing agency | DLC |
| Modifying agency | DLC |
| -- | BD-RjUL |
| Language of cataloging | eng |
| 041 ## - LANGUAGE CODE | |
| Language code of text/sound track or separate title | eng |
| 082 00 - DEWEY DECIMAL CLASSIFICATION NUMBER | |
| Classification number | 005.74 |
| Edition number | 20 |
| Author mark and year | HAD 2005 |
| 100 1# - MAIN ENTRY--PERSONAL NAME | |
| Personal name | Hansen, Gary W. |
| Fuller form of name | (Gary William), |
| Dates associated with a name | 1943- |
| 9 (RLIN) | 44482 |
| 245 10 - TITLE STATEMENT | |
| Title | Database management and design / |
| Statement of responsibility, etc. | Gary W. Hansen, James V. Hansen. |
| 250 ## - EDITION STATEMENT | |
| Edition statement | 2nd ed. |
| 260 ## - PUBLICATION, DISTRIBUTION, ETC. (IMPRINT) | |
| Place of publication, distribution, etc. | New Delhi : |
| Name of publisher, distributor, etc. | Prentice Hall, |
| Date of publication, distribution, etc. | c1996 [Reprint 2005]. |
| 300 ## - PHYSICAL DESCRIPTION | |
| Pagination | xxvi, 582 p. : |
| Illustrations | ill. (some col.) ; |
| Size | 27 cm. |
| 504 ## - BIBLIOGRAPHY, ETC. NOTE | |
| Bibliography, etc | Includes bibliographical references (p. 553-565) and index. |
| 650 #0 - SUBJECT ADDED ENTRY--TOPICAL TERM | |
| Topical term or geographic name as entry element | Database management. |
| 9 (RLIN) | 333 |
| Topical term or geographic name as entry element | Database design. |
| 9 (RLIN) | 23854 |
| 700 1# - ADDED ENTRY--PERSONAL NAME | |
| Personal name | Hansen, James V. |
| 942 ## - ADDED ENTRY ELEMENTS (KOHA) | |
| Source of classification or shelving scheme | Dewey Decimal Classification |
| Koha item type | Books |
| Lost status | Source of classification or shelving scheme | Damaged status | Not for loan | Collection code | Permanent Location | Current Location | Shelving location | Date acquired | Source of acquisition | Cost, normal purchase price | Total Checkouts | Full call number | Date last seen | Date checked out | Copy number | Koha item type |
|---|---|---|---|---|---|---|---|---|---|---|---|---|---|---|---|---|
| Dewey Decimal Classification | Non-fiction | Central Library, University of Rajshahi | Central Library, University of Rajshahi | 04/06/2006 | Paragon Ent., Dhaka | 350.00 | 1 | 005.74 HAD 2005 | 21/05/2017 | 26/01/2017 | C-3 | Books | ||||
| Dewey Decimal Classification | Not For Loan | Non-fiction | Central Library, University of Rajshahi | Central Library, University of Rajshahi | Reading Room | 20/05/2006 | Paragon Ent., Dhaka | 350.00 | 005.74 HAD 2005 | 14/01/2017 | C-1 | Books | ||||
| Dewey Decimal Classification | Non-fiction | Central Library, University of Rajshahi | Central Library, University of Rajshahi | 04/06/2006 | Dhaka, Paragan Enterprises ltd. | 350.00 | 005.74 HAD 2005 | 01/06/2017 | C-2 | Books | ||||||
| Dewey Decimal Classification | Non-fiction | Central Library, University of Rajshahi | Central Library, University of Rajshahi | 04/06/2006 | Dhaka, Paragan Enterprises ltd. | 350.00 | 005.74 HAD 2005 | 01/06/2017 | C-4 | Books |